Кинокомедии - Армагеддон - Statistics

General Stats
  • This quiz has been taken 47 times
    44 since last reset
  • The average score is 5 of 29
Answers on the Grid
Answers color-coded by a green-red scale on the quiz's grid according to % correct below.
Отрочество
Кролик Джоджо
Большой куш
Славные парни (2016)
Меч короля Артура
Анискин и Фантомас
Комната (2003)
Оптом дешевле
Очень страшное кино
Последний король Шотландии
Пираты XX века
Однажды в Мексике
Эльф
Дом клоунов
Жизнь во время войны
Воздушная тюрьма
Аниматрица
Ширли-мырли
Норт
Славные парни (1990)
Не смотрите наверх
Зомби по имени Шон
Кровососущие уроды
Человек из Подольска
Стэн Хельсинг
Тайная жизнь Уолтера Митти
Однажды в Америке
Достать ножи
Изобретение лжи
Форрест Гамп
Марс атакует!
Комната (2015)
Люси
Дело о пеликанах
Берегись автомобиля
Ларс и настоящая девушка
Поменяться местами
Убить Смучи
Однажды в Ирландии
Танцы с волками
Джокер
Худеющий
Мистер и миссис Смит
Житие Брайана
Соломенные псы
Огни большого города
От заката до рассвета
Подручный Хадсакера
Снеговик
Калейдоскоп ужасов
 
Answer Stats
Answer % Correct
Очень страшное кино
70%
Кролик Джоджо
52%
Большой куш
52%
Ширли-мырли
42%
Берегись автомобиля
30%
Славные парни (2016)
30%
Зомби по имени Шон
27%
Анискин и Фантомас
24%
Марс атакует!
24%
Не смотрите наверх
21%
Тайная жизнь Уолтера Митти
15%
Форрест Гамп
15%
Оптом дешевле
12%
Человек из Подольска
12%
Изобретение лжи
12%
Мистер и миссис Смит
12%
Житие Брайана
12%
Огни большого города
12%
Эльф
9%
Ларс и настоящая девушка
9%
Калейдоскоп ужасов
9%
Стэн Хельсинг
6%
Поменяться местами
6%
Убить Смучи
6%
Однажды в Ирландии
6%
Норт
3%
Достать ножи
3%
Подручный Хадсакера
3%
Жизнь во время войны
0%
No matching quizzes found
Score Distribution
Percent of People with Each Score
Percentile by Number Answered
Your Score History
You have not taken this quiz since the last reset